书目信息 |
| 题名: |
拉丁美洲游击战运动
|
|
| 作者: | 戈特 著 ;复旦大学历史系拉丁美洲研究室 | |
| 分册: | ||
| 出版信息: | 上海 上海人民出版社 1975 |
|
| 页数: | 594页 | |
| 开本: | 20cm | |
| 丛书名: | ||
| 单 册: | ||
| 中图分类: | K73 | |
| 科图分类: | ||
| 主题词: | 现代史 | |
| 电子资源: | ||
| ISBN: | ||
| 000 | 00728nam0 2200253 450 | |
| 001 | 1241218866 | |
| 005 | 20121018153821.65 | |
| 010 | @dCNY1.45 | |
| 091 | @a11171.101@dCNY1.45 | |
| 100 | @a19951019d1975 emky0chiy0110 ea | |
| 101 | 1 | @achi@ceng |
| 102 | @aCN@b310000 | |
| 105 | @ay z 000yd | |
| 200 | 1 | @a拉丁美洲游击战运动@Ala ding mei zhou you ji zhan yun do@f(英)理查德·戈特著 |
| 210 | @a上海@c上海人民出版社@d1975 | |
| 215 | @a594页@d20cm | |
| 606 | 0 | @a现代史 |
| 607 | @a拉丁美洲@x现代史 | |
| 607 | @2CT@3S903564@a拉丁美洲 | |
| 690 | @aK73@v3 | |
| 701 | 1 | @a戈特@Age te@bR.@4著 |
| 712 | 02 | @a复旦大学历史系拉丁美洲研究室@Afu dan da xue li shi xi l |
| 801 | 0 | @aCN@bNLC@c20101222 |
| 905 | @a10447@dK73@eJY56 | |
| 拉丁美洲游击战运动/(英)理查德·戈特著.-上海:上海人民出版社,1975 |
| 594页;20cm |
| ISBN :CNY1.45 |
| ● |
| 相关链接 |
|
|
|
|
正题名:拉丁美洲游击战运动
索取号:K73/JY56
 
预约/预借
| 序号 | 登录号 | 条形码 | 馆藏地/架位号 | 状态 | 备注 |
| 1 | 7832528 | 278325288 | 学院路分馆/ [索取号:K73/JY56] | 在馆 |